Evaluación estratégica de la empresa (Registro nro. 25514)
[ vista simple ]
| 000 -LEADER | |
|---|---|
| fixed length control field | 00328 a2200109 4500 |
| 001 - CONTROL NUMBER | |
| control field | ART_11377 |
| 005 - DATE AND TIME OF LATEST TRANSACTION | |
| control field | 20260410161856.0 |
| 008 - FIXED-LENGTH DATA ELEMENTS--GENERAL INFORMATION | |
| fixed length control field | 260409a |
| 100 1# - MAIN ENTRY--PERSONAL NAME | |
| Personal name | Alvarez, Héctor Felipe |
| 245 10 - TITLE STATEMENT | |
| Title | Evaluación estratégica de la empresa |
| 773 0# - HOST ITEM ENTRY | |
| Title | Revista de Economía |
| Related parts | - Nº 60 (jul./sep. 1990) |
| Record control number | REV11077 |
No hay ítems disponibles.